LEADER 01496nam a2200325 u 4500 001 000000078518 003 CaOOAMICUS 005 20070226123434.0 008 040503s1993 gau u000 u eng u 020 $a155540877X (pbk.) 035 $a10993047 040 $aPUL$bita 100 1 $aToews, Wesley I.$0(OLS)http://pul/name/52275 245 10$aMonarchy and religious institution in Israel under Jeroboam I /$cWesley I. Toews. 260 $aAtlanta :$bScholars Press,$c1993. 300 $axi, 197 p. ;$c23 cm 490 1 $aSociety of Biblical Literature monograph series ;$v47 500 $aComprende indice. 504 $aBibliografia: p. 173-184. 630 04$aBiblia.$pV.T.$pRegum.$0(OLS)http://pul/subject/27356 651 4$aIsraele$xStoria$yEvo antico.$0(OLS)http://pul/subject/14917 830 0$aSociety of biblical literature. Monograph series ;$v47.$0(OLS)http://pul/title/104445 850 $aPUL 852 $aPUL$W1$xSL Religione 1$y3$m5 P 1.47$j100688$nBK-PRI$b $qStampati$B100688$CPULBib$Z2$F100688 $HPUL90843 $81 852 $aPUL$W1$xDP1 Fondo Gelio$y54$m3 B 15$j100689$nBK-PRI$b $qFondi$B100689$CPULBib$Z2$F100689 $H $81 941 1 $a1 941 1 $a8 996 $6020$a155540877X (pbk.)$9(OLS)http://pul/number/102937 996 $6245$aMonarchy and religious institution in Israel under Jeroboam I$9(OLS)http://pul/title/102861 996 $6260$aAtlanta :$bScholars Press$9(OLS)http://pul/publisher/52385 LEADER 01321nam a2200277 a 4500 001 000000156069 003 CaOOAMICUS 005 20161110095305.0 008 161110s1998 it u000 u ita r 032 $aLibriCat 040 $aPUL$bita 100 1 $aAddante, Pietro,$cO.M.$0(OLS)http://pul/name/5808 245 13$aLa centralità della persona in A. Rosmini /$cPietro Addante. 260 $aTriggiano (Bari) :$b[s.n.],$c1998. 300 $a103 p. ;$c24 cm. 500 $aIn testa al front.: Pontificia Studiorum Universitas a S. Thoma Aq. in Urbe. 502 $aEstratto da tesi -- Pontificiam Universitatem S.Thomae in Urbe, Facultate Scientiarum Socialium, 1997. 504 $aBibliografia in nota. 600 14$aRosmini Serbati, Antonio,$cI.D.C.,$d1797-1855$xCritica e interpretazione.$0(OLS)http://pul/subject/898 710 2 $aPontificia Università S. Tommaso.$bFacoltà di scienze sociali.$kTesi.$0(OLS)http://pul/name/83004 850 $aPUL 852 $aPUL$W1$xDP1 Tesi Pon. Univ. S. Tommaso$y44$mTH S.THOM 1022$j179244$qTesi$B182409$CPULBib$Z2$F182409 $H78804 $81 941 1 $a16 996 $6245$aLa centralità della persona in A. Rosmini$9(OLS)http://pul/title/195711 996 $6260$aTriggiano (Bari) :$b[s.n.]$9(OLS)http://pul/publisher/85605